LEADER 00709nam0-22002771i-450- 001 990003553610403321 005 20001010 035 $a000355361 035 $aFED01000355361 035 $a(Aleph)000355361FED01 035 $a000355361 100 $a20000920d1963----km-y0itay50------ba 101 0 $aita 105 $ay-------001yy 200 1 $aVenezia ducale$fRoberto Cessi 210 $aVenezia$cs.e.$d1963 Vol. I 300 $aI: Duce e popolo 700 1$aCessi,$bRoberto$0136229 801 0$aIT$bUNINA$gRICA$2UNIMARC 901 $aBK 912 $a990003553610403321 952 $aSE 057.07.22-$b037952$fDECSE 959 $aDECSE 996 $aVenezia ducale$9492566 997 $aUNINA DB $aING01 LEADER 01852nas 2200397-- 450 001 9910626166903321 005 20241126213016.0 035 $a(CKB)110978977978818 035 $a(CONSER)---74136000- 035 $a(EXLCZ)99110978977978818 100 $a20790212b19711984 --- a 101 0 $aeng 181 $ctxt$2rdacontent 200 10$aIEEE conference record of Annual Pulp and Paper Industry Technical Conference 210 $a[New York]$cInstitute of Electrical and Electronics Engineers; available from IEEE Service Center 215 $a1 online resource 311 08$aPrint version: IEEE conference record of Annual Pulp and Paper Industry Technical Conference. 0190-2172 (DLC) 74136000 (OCoLC)4643588 517 3 $aInstitute of Electrical and Electronics Engineers Conference record of annual Pulp and Paper Industry Technical Conference 531 $aIEEE CONF REC ANNU PULP PAP IND TECH CONF 531 $aPULP AND PAPER INDUSTRY TECHNICAL CONFERENCE CONFERENCE RECORD 531 $aIEEE PULP AND PAPER INDUSTRY CONFERENCE 531 0 $aIEEE Conf. rec. annu. Pulp Pap. Ind. Tech. Conf. 606 $aPaper industry$xElectric equipment$vCongresses 606 $aPaper industry$xElectric equipment$2fast$3(OCoLC)fst01052458 608 $aConference papers and proceedings.$2fast 615 0$aPaper industry$xElectric equipment 615 7$aPaper industry$xElectric equipment. 676 $a675 712 02$aInstitute of Electrical and Electronics Engineers. 712 02$aIEEE Industry Applications Society. 712 02$aInstitute of Electrical and Electronics Engineers.$bTechnical Operations Committee. 906 $aCONFERENCE 912 $a9910626166903321 920 $aexl_impl conversion 996 $aIEEE conference record of Annual Pulp and Paper Industry Technical Conference$91888989 997 $aUNINA